000 00532cam a2200217ua 4500
001 8621
005 20260515114345.0
008 150210n ii |||gr||||Z||||||eng
020 _a9789382264125
040 _cMAIN
041 _aeng
082 _a821
100 _aKaul, N.,
_eAuthor.
245 1 _aChinar :
_bAnthology of prose and poems /
_cBy Neena Kaul .
250 _a1st.
260 _aNew Delhi:
_bCambridge,
_c2013.
300 _axii,82p.
653 _aEnglish poetry
700 _aRenu Anand,
_eAuthor.
942 _cBK
999 _c7715
_d7715